Logique - Mort Subite #34.1 - Statistiques

Statistiques générales
  • Ce quiz a été pris 69 fois
    66 depuis la dernière actualisation
  • Le résultat moyen est 2 sur 17
Answers on the Grid
Answers color-coded by a green-red scale on the quiz's grid according to % correct below.
Arverne
Provençale
Ouest
Bretonne
Ardennaise
Ardéchoise
Cigognes
Littoral
Pastel
Les Deux Mers
La Bastogne
Manche
Éco
Pyrénéenne
Gascogne
Limousine
Méridienne
Des Montagnes
Val de Durance
Azuréenne
Est
Arbre
Pique-Prune
Anglais
Nord
Massif Central
Flamants
 
Statistiques - réponses
Réponse % Correct
Provençale
37%
Arverne
29%
Ardennaise
22%
Pastel
18%
Éco
12%
Anglais
10%
Arbre
10%
Cigognes
10%
Les Deux Mers
10%
Littoral
10%
Nord
10%
Pyrénéenne
10%
Est
8%
Gascogne
8%
Pique-Prune
6%
Val de Durance
6%
Méridienne
4%
Aucun quiz correspondant
Distribution des résultats
% des personnes avec chaque résultat
Percentile par nombre de réponses
Votre historique - résultats
Vous n’avez pas pris ce quiz depuis la dernière actualisation